banner-ar

THE MUSEUM OF NATIONAL HISTORY AT FEDERIKSBORG CASTLE:OFFICIAL GUIDE / (Record no. 12103)

MARC details
000 -الفاتح
حقل البيانات ثابتة الطول 00553nam a2200181Ia 4500
008 - عناصر البيانات ثابتة الطول - معلومات عامة
حقل البيانات ثابتة الطول 140319s9999 xx 000 0 eng d
040 ## - مصدر الفهرسة
وكالة الفهرسة الأصلية GCL /
وكالة النسخ GCL
082 04 - رقم تصنيف ديوى العشرى
رقم التصنيف 069
رقم المادة M M
100 1# - المدخل الرئيسى - إسم شخصى
الإسم الشخصى THE MUSEM OF NATIONAL HISTORY
245 10 - بيان العنوان
العنوان THE MUSEUM OF NATIONAL HISTORY AT FEDERIKSBORG CASTLE:OFFICIAL GUIDE /
بيان المسئوليه,etc THE MUSEM OF NATIONAL HISTORY
260 ## - PUBLICATION, DISTRIBUTION, ETC. (IMPRINT)
تاريخ النشر أو التوزيع 1971
300 ## - الوصف المادى
التعداد 86P.
650 04 - المدخل الاضافى بالموضوع-مصطلح موضوعى
مصطلح موضوعي MUSEUM - GUIDE
650 04 - المدخل الاضافى بالموضوع-مصطلح موضوعى
مصطلح موضوعي MUSEUM - DENMARK
650 04 - المدخل الاضافى بالموضوع-مصطلح موضوعى
مصطلح موضوعي FREDRIKSBORG CASTLE
942 ## - عناصر المدخل الإضافي( كوها)
مصدر التصنيف او مخطط الترفيف Dewey Decimal Classification
Koha [default] item type كتاب
260 ## - PUBLICATION, DISTRIBUTION, ETC. (IMPRINT)
-- [S.N] :
-- THE MUSEM OF NATIONAL HISTORY ،
Holdings
حالة التراجع حالة الفقد حالة تلف ليس للاعارة المكان المؤقت الموقع الحالى تاريخ الاكتساب اجمالي اﻻعارات رقم الطلب الباركود تاريخ اخر مشاهدة تاريخ تفعيل السعر نوع وعاء كوها
        مكتبة القاهرة الكبرى مكتبة القاهرة الكبرى 03/26/2014   069\M M 23683 03/26/2014 03/26/2014 كتاب

Powered By

EGPV